Sports Quiz

Random Sports Quiz
Score 0/33 Timer 07:00
1 Play Today
Год Гонщик % Correct
1994-1995, 2000-2004Михаэль Шумахер
98%
2008, 2014-2015, 2017-2020Льюис Хэмилтон
94.6%
1988, 1990-1991Айртон Сенна
93.4%
2005-2006Фернандо Алонсо
92.9%
2010-2013Себастьян Феттель
91.5%
1985-1986, 1989, 1993Ален Прост
87.7%
2016Нико Росберг
87.6%
1982Кеке Росберг
87.2%
2009Дженсон Баттон
82.9%
1998-1999Мика Хаккинен
82.3%
1997Жак Вильнёв
82.2%
1975, 1977, 1984Ники Лауда
80.6%
2007Кими Райкконен
79.8%
1951, 1954-1957Хуан Мануэль Фанхио
78.2%
1996Деймон Хилл
76.7%
1962, 1968Грэм Хилл
76.4%
1961Фил Хилл
76.2%
Год Гонщик % Correct
1992Найджел Мэнселл
67.3%
1981, 1983, 1987Нельсон Пике
63%
1976Джеймс Хант
59.4%
1969, 1971, 1973Джеки Стюарт
57.4%
1952-1953Альберто Аскари
49%
1972, 1974Эмерсон Фиттипальди
48.3%
1963, 1965Джим Кларк
43.2%
1950Нино Фарина
42%
1959-1960, 1966Джек Брэбем
41.6%
1970Йохен Риндт
36.8%
1978Марио Андретти
36.6%
1979Джоди Шектер
35.5%
1980Алан Джонс
34.3%
1964Джон Сертис
29.3%
1958Майк Хоторн
27.7%
1967Дэнни Халм
24.6%
Remove Ads.
Support Sporcle.
Get the best of Sporcle when you Go Orange. This ad-free experience offers more features, more stats, and more fun while also helping to support Sporcle. Thank you for becoming a member.

You're not logged in!

Compare scores with friends on all Sporcle quizzes.
OR
Log In

Show Comments

Extras

Created Nov 23, 2020ReportNominate

Top Quizzes Today


Score Distribution

Your Account Isn't Verified!

In order to create a playlist on Sporcle, you need to verify the email address you used during registration. Go to your Sporcle Settings to finish the process.

Report this User

Report this user for behavior that violates our Community Guidelines.

Details: